00474nam a2200169Ia 4500008004100000040001900041041001200060082002400072100001600096245005100112260004800163300002300211504001900234650001600253700001700269850001800286131103s9999 xx 000 0 und d aLoreto College aEnglish a510/GODbLCBED/3560 aGodfrey, C. aElementary algebra cC.Godfrey and A.W,Siddons aCambridgebCambridge University Pressc1925 axcvi,576p c 19cm. aIncludes index aMathematics aSiddons, A.W aLCBED/510/GOD